British Culture #6 - Statistics

General Stats
  • This quiz has been taken 113 times
  • The average score is 8 of 10
Answer Stats
Question Answer % Correct
Who served at Prime Minister of the UK for most of World War Two? Winston Churchill
98%
Who played the comedy character Mr Bean on television and film? Rowan Atkinson
91%
In which year did the Battle of Hastings take place? 1066
90%
Which football club plays its home games at Old Trafford? Manchester United
89%
Which city is sometimes nicknamed ’Brum’? Birmingham
87%
What was the name of the bear created by Michael Bond in 1957? Paddington
82%
Pudsey Bear has been the mascot for which BBC charity since 1985? Children in Need
63%
Which radio serial is set in the fictional village of Ambridge? The Archers
60%
In the abbreviation RSPB, what does the ‘B’ stand for? Birds
56%
What is the common name for the 117-mile London Orbital Motorway? The M25
55%
No matching quizzes found
Score Distribution
Percent of People with Each Score
Percentile by Number Answered
Your Score History
You have not taken this quiz